Logo CIB grande

PRUEBA DE RENDIMIENTO ACADÉMICO Y OBJETIVOS DE LA INSTRUCCIÓN: MANUAL PARA UNA ENSEÑANZA MÁS PRECISA Y EFECTIVA (Registro nro. 234090)

Detalles MARC
000 -LEADER
campo de control de longitud fija 00594nam a2200217Ia 4500
005 - FECHA Y HORA DE LA ÚLTIMA TRANSACCIÓN
campo de control 20250425162654.0
008 - DATOS DE LONGITUD FIJA--INFORMACIÓN GENERAL
campo de control de longitud fija 250425s9999 xx 000 0 und d
020 ## - NÚMERO INTERNACIONAL ESTÁNDAR DEL LIBRO
Número Internacional Estándar del Libro 9681301870
041 ## - CÓDIGO DE IDIOMA
Código de lengua del texto/banda sonora o título independiente spa
043 ## - CÓDIGO DE ÁREA GEOGRÁFICA
Código de área geográfica mx
082 ## - NÚMERO DE LA CLASIFICACIÓN DECIMAL DEWEY
Número de clasificación 378.17028
010 ## - NÚMERO DE CONTROL DE LA BIBLIOTECA DEL CONGRESO
Número de control de LC 95760
100 ## - ENTRADA PRINCIPAL--NOMBRE DE PERSONA
Nombre de persona HURTADO DE MENDOZA, MA DE LOS ANGELES
245 #0 - MENCIÓN DEL TÍTULO
Título PRUEBA DE RENDIMIENTO ACADÉMICO Y OBJETIVOS DE LA INSTRUCCIÓN: MANUAL PARA UNA ENSEÑANZA MÁS PRECISA Y EFECTIVA
250 ## - MENCION DE EDICION
Mención de edición S.E
260 ## - PUBLICACIÓN, DISTRIBUCIÓN, ETC.
Lugar de publicación, distribución, etc. MEXICO
260 ## - PUBLICACIÓN, DISTRIBUCIÓN, ETC.
Lugar de publicación, distribución, etc. México
Nombre del editor, distribuidor, etc. EDITORIAL DIANA
Fecha de publicación, distribución, etc. 1980
300 ## - DESCRIPCIÓN FÍSICA
Extensión 332
650 ## - PUNTO DE ACCESO ADICIONAL DE MATERIA--TÉRMINO DE MATERIA
Término de materia o nombre geográfico como elemento de entrada EDUCACION
942 ## - ELEMENTOS DE ENTRADA SECUNDARIOS (KOHA)
Tipo de ítem Koha Libros
Existencias
Estatus retirado Estado de pérdida Estado de daño No para préstamo Biblioteca de origen Biblioteca actual Fecha de adquisición Coste, precio normal de compra Total de préstamos Código de barras Copia número
        CENTRO NACIONAL DE INVESTIGACIONES MARINAS CENTRO NACIONAL DE INVESTIGACIONES MARINAS 12/11/2015 15.00   D-81282 1

Copyright 2025 ESPOL. Todos los derechos reservados.